Textbook of Applied Biochemistry for BSc Nursing Students (Record no. 367547)

MARC details
000 -LEADER
fixed length control field 00472nam a22001697a 4500
005 - DATE AND TIME OF LATEST TRANSACTION
control field 20250828144918.0
008 - FIXED-LENGTH DATA ELEMENTS--GENERAL INFORMATION
fixed length control field 250828b |||||||| |||| 00| 0 eng d
020 ## - INTERNATIONAL STANDARD BOOK NUMBER
International Standard Book Number 978-81-975310-3-3
041 ## - LANGUAGE CODE
Language code of text/sound track or separate title Eng
082 ## - DEWEY DECIMAL CLASSIFICATION NUMBER
Classification number B 612.015 KAU DB1395
100 ## - MAIN ENTRY--PERSONAL NAME
Author Kaur Amandeep
245 ## - TITLE STATEMENT
Title Textbook of Applied Biochemistry for BSc Nursing Students
260 ## - PUBLICATION, DISTRIBUTION, ETC.
Place of publication, distribution, etc. Mohali
Name of publisher, distributor, etc. Vision Health Sciences Publishers
Date of publication, distribution, etc. 2025
300 ## - PHYSICAL DESCRIPTION
Extent 220p
365 ## - TRADE PRICE
Price amount Rs.495.00
942 ## - ADDED ENTRY ELEMENTS (KOHA)
Koha item type Donated Book
Holdings
Withdrawn status Lost status Source of classification or shelving scheme Damaged status Not for loan Home library Current library Date acquired Net Price Bill number Total Checkouts Full call number Barcode Date last seen Bill Date Koha item type Original Barcode
    Dewey Decimal Classification     Smt. Bakul Tambat Institute of Nursing Education Smt. Bakul Tambat Institute of Nursing Education 22/08/2025 495.00 IK#2025-26#666   B 612.015 KAU DB1395 BTIN-DB-1395 28/08/2025 22/08/2025 Donated Book DB1395